Normal view
MARC view
- التفكير- الاسلام وعلم النفس- الفلسفة الاسلامية
Entry Topical Term
001 - CONTROL NUMBER
- control field: 52588
003 - CONTROL NUMBER IDENTIFIER
- control field: JO-AjAnu
005 - DATE AND TIME OF LATEST TRANSACTION
- control field: 20230606082637.0
008 - FIXED-LENGTH DATA ELEMENTS
- fixed length control field: 230606|| aca||aabn | a|a d
040 ## - CATALOGING SOURCE
- Original cataloging agency: JO-AjAnu
- Transcribing agency: JO-AjAnu
150 ## - HEADING--TOPICAL TERM
- Topical term or geographic name entry element: التفكير- الاسلام وعلم النفس- الفلسفة الاسلامية
670 ## - SOURCE DATA FOUND
- Source citation: Work cat.: (JO-AjAnu)26872: بدري، مالك, author 52587, التفكر من المشاهدة الى الشهود دراسة نفسية إسلامية